Statistiques concernant Oiseaux de fictions en images

Cliquez ici pour prendre le quiz!

Statistiques générales

  • Ce quiz a été pris 120 fois
  • Le résultat moyen est 5 sur 20

Statistiques - réponses

Réponse% Correct
Titi
97%
Hedwige
78%
Woody Woodpecker
76%
Zazu
54%
Ho-Oh
45%
Falco Lombardi
32%
Eurêka
21%
Kazooie
18%
Perla
16%
Flit
14%
Picchu
12%
Chuck
8%
Mordecai
4%
Paulie
4%
Valor
3%
Ukogi
1%
Billy
0%
Redwing
0%
Sanguine
0%
Wally Warbles
0%

Distribution des résultats

Percentile par nombre de réponses

% des personnes avec chaque résultat

Votre développement - résultats

Vous n’avez pas pris ce quiz